Estadísticas para Las 15 ciudades más grandes en el Oriente Medio (con un mapa)

Haz click aquí para tomar la prueba!

Estadísticas generales

  • Esta prueba ha sido tomada 3.519 veces
    (1.168 desde el último reinicio)
  • La puntuación promedio es 11 de 15

Respuestas en el mapa

Las respuestas están codificadas por una escala verde-roja en el mapa de la prueba según el % correcto abajo.
 

Estadísticas de respuestas

PoblaciónCiudad% Correcto
22,2 MEl Cairo
97%
5,20 MAnkara
93%
16,1 MEstambul
93%
6,60 MDubái
86%
16,2 MTeherán
84%
7,50 MBagdad
81%
9,15 MRiad
81%
3,80 MDamasco
79%
4,20 MKuwait
78%
6,10 MAlejandría
74%
5,85 MAmán
66%
3,08 MSaná
60%
5,50 MYeda
35%
3,35 MIsfahán
24%
3,35 MMashhad
20%

Distribución de puntuación

Porcentaje por número respondido

Porcentaje de gente con cada puntuación

Historial de tus puntuaciones

No has tomado esta prueba desde el último reinicio